[Event "Domloup op-A"]
[Site "Domloup"]
[Date "2013.08.31"]
[Round "4"]
[White "Geffroy, Leo"]
[Black "Serralta, Michel"]
[Result "1-0"]
[WhiteElo "1971"]
[BlackElo "2087"]
[PlyCount "87"]
[EventDate "2013.08.30"]
[EventType "swiss"]
[EventRounds "5"]
[EventCountry "FRA"]
[SourceTitle "CBM 156 Extra"]
[Source "ChessBase"]
[SourceDate "2013.10.22"]
[SourceVersion "1"]
[SourceVersionDate "2013.10.22"]
[SourceQuality "1"]

1. e4 g6 2. d4 Bg7 3. Nc3 d6 4. h3 a6 5. Nf3 b5 6. Bd3 Nd7 7. Ne2 Ngf6 8. c3 0-0 9. 0-0 Bb7 10. Ng3 e5 11. Bg5 h6 12. Bd2 d5 13. exd5 exd4 14. d6 Nc5 15. dxc7 Qxc7 16. Qc2 Bxf3 17. cxd4 Bxg2 18. Kxg2 Qb7+ 19. Kh2 Ne6 20. Be3 Rad8 21. Ne2 Nd5 22. Be4 Qb8+ 23. Kh1 Ndf4 24. Nxf4 Nxf4 25. Rad1 Nxh3 26. Qb3 Nf4 27. Rg1 g5 28. Rg4 Qc8 29. f3 Nh5 30. Bg6 Nf6 31. Rg3 Nd5 32. Be4 Nxe3 33. Qxe3 Rfe8 34. Qf2 f5 35. Bb1 f4 36. Rg4 Qc4 37. b3 Bxd4 38. Qh2 Qe2 39. Rxg5+ Bg7 40. Qxe2 hxg5 41. Rxd8 Rxd8 42. Qe6+ Kh8 43. Qg6 Kg8 44. Bf5 1-0

[Event "Rennes op 6th"]
[Site "Rennes"]
[Date "2013.07.06"]
[Round "1"]
[White "Koziak, Vitali"]
[Black "Geffroy, Leo"]
[Result "1-0"]
[WhiteElo "2509"]
[BlackElo "1980"]
[PlyCount "115"]
[EventDate "2013.07.06"]
[EventType "swiss"]
[EventRounds "9"]
[EventCountry "FRA"]
[SourceTitle "CBM 155 Extra"]
[Source "ChessBase"]
[SourceDate "2013.08.26"]
[SourceVersion "1"]
[SourceVersionDate "2013.08.26"]
[SourceQuality "1"]

1. Nf3 Nf6 2. c4 g6 3. Nc3 Bg7 4. d4 0-0 5. e4 d6 6. Be2 e5 7. 0-0 Nc6 8. d5 Ne7 9. Ne1 Nd7 10. Be3 f5 11. f3 f4 12. Bf2 g5 13. Rc1 Ng6 14. Nb5 b6 15. b4 Nf6 16. c5 Rf7 17. Qc2 Ne8 18. a4 Bf8 19. a5 Nh4 20. g3 fxg3 21. hxg3 Ng6 22. Kg2 h5 23. Nd3 g4 24. fxg4 hxg4 25. Be3 Rh7 26. Rh1 Rh3 27. Qd2 Nh4+ 28. gxh4 Qxh4 29. Rxh3 Qxh3+ 30. Kg1 Qg3+ 31. Kh1 Qh3+ 32. Kg1 Qg3+ 33. Kf1 Nf6 34. Bg5 Qh3+ 35. Ke1 Nxe4 36. Qe3 Qh1+ 37. Bf1 g3 38. Nf2 gxf2+ 39. Ke2 Qh5+ 40. Kd3 Qxg5 41. Nxc7 Rb8 42. cxb6 axb6 43. a6 Bb7 44. Qxg5+ Nxg5 45. axb7 Rxb7 46. Ke2 Ne4 47. Bg2 f1Q+ 48. Kxf1 Nd2+ 49. Ke1 Nb3 50. Rc6 Nd4 51. Ne6 Nxe6 52. dxe6 Rb8 53. Rc7 Re8 54. Bd5 Re7 55. Rc6 Kg7 56. Rxd6 Ra7 57. Rxb6 Ra4 58. Rb7+ 1-0

[Event "Rennes op"]
[Site "Rennes"]
[Date "2012.04.08"]
[Round "4.3"]
[White "Le Goff, Damien"]
[Black "Geffroy, Leo"]
[Result "1-0"]
[WhiteElo "2277"]
[BlackElo "1964"]
[PlyCount "59"]
[EventDate "2012.04.07"]
[EventType "swiss"]
[EventRounds "6"]
[EventCountry "FRA"]
[SourceTitle "EXT 2014"]
[Source "ChessBase"]
[SourceDate "2013.11.20"]
[SourceVersion "1"]
[SourceVersionDate "2013.11.20"]
[SourceQuality "1"]

1. e4 c5 2. Nc3 Nc6 3. Bb5 g6 4. Bxc6 dxc6 5. d3 Bg7 6. Be3 b6 7. Qd2 Nf6 8. Bh6 0-0 9. Nge2 e5 10. Bxg7 Kxg7 11. h4 Ba6 12. h5 Qd6 13. hxg6 fxg6 14. Qh6+ Kg8 15. 0-0-0 Rad8 16. f4 Rf7 17. Qg5 Re8 18. f5 Rg7 19. Rh6 Nd7 20. g4 Qe7 21. Qxe7 Rexe7 22. Ng1 c4 23. dxc4 Bxc4 24. Nf3 gxf5 25. gxf5 Rg2 26. Rxc6 Be2 27. Nxe2 Rxe2 28. Rc7 Rf2 29. Ng5 Rg2 30. Ne6 1-0

[Event "Rennes op 4th"]
[Site "Rennes"]
[Date "2011.07.16"]
[Round "1"]
[White "Geffroy, Leo"]
[Black "Bouget, Alexandre"]
[Result "1/2-1/2"]
[WhiteElo "1867"]
[BlackElo "2199"]
[PlyCount "127"]
[EventDate "2011.07.16"]
[EventType "swiss"]
[EventRounds "9"]
[EventCountry "FRA"]
[SourceTitle "CBM 143 Extra"]
[Source "ChessBase"]
[SourceDate "2011.08.29"]
[SourceVersion "1"]
[SourceVersionDate "2011.08.29"]
[SourceQuality "1"]

1. e4 e5 2. Nf3 Nc6 3. Bb5 a6 4. Ba4 Nf6 5. d3 d6 6. c3 Be7 7. Nbd2 0-0 8. Nf1 h6 9. Ng3 Re8 10. 0-0 Bf8 11. d4 b5 12. Bc2 g6 13. d5 Ne7 14. a4 Bd7 15. h3 Bg7 16. Be3 Kh8 17. Qe2 Nh7 18. Rfd1 Rb8 19. axb5 axb5 20. b4 f5 21. Nf1 f4 22. Bd2 g5 23. N3h2 Nf6 24. Bd3 h5 25. g4 hxg4 26. hxg4 Qc8 27. f3 Kg8 28. Ra5 Qb7 29. Rda1 Nc8 30. c4 bxc4 31. Bxc4 Qb6+ 32. Kg2 Kf8 33. b5 Qb7 34. Be1 Nb6 35. Ra7 Qc8 36. Bd3 Rb7 37. Qc2 Qb8 38. Rxb7 Qxb7 39. Rc1 Rc8 40. Nd2 Ne8 41. Nb3 Rb8 42. Na5 Qc8 43. Nc6 Bxc6 44. bxc6 Qd8 45. Ra1 Nxd5 46. exd5 e4 47. Rb1 exd3 48. Qxd3 Rxb1 49. Qxb1 Qf6 50. Ba5 Qb2+ 51. Qxb2 Bxb2 52. Nf1 Bc1 53. Kf2 Ke7 54. Ke2 Nf6 55. Bxc7 Nxd5 56. Ba5 Ke8 57. Nd2 Bxd2 58. Kxd2 Ne7 59. Bc7 Nxc6 60. Bxd6 Kd7 61. Bc5 Ke6 62. Kd3 Kd5 63. Bb6 Ne5+ 64. Ke2 1/2-1/2

[Event "FRA-ch U16"]
[Site "Montlucon"]
[Date "2011.04.17"]
[Round "1"]
[White "Barbot, Pierre"]
[Black "Geffroy, Leo"]
[Result "1-0"]
[WhiteElo "2224"]
[BlackElo "1830"]
[PlyCount "73"]
[EventDate "2011.04.17"]
[EventType "swiss"]
[EventRounds "9"]
[EventCountry "FRA"]
[SourceTitle "CBM 142 Extra"]
[Source "ChessBase"]
[SourceDate "2011.06.27"]
[SourceVersion "1"]
[SourceVersionDate "2011.06.27"]
[SourceQuality "1"]

1. e4 c5 2. Nf3 Nc6 3. d4 cxd4 4. Nxd4 Nf6 5. Nc3 e5 6. Ndb5 d6 7. Bg5 a6 8. Na3 b5 9. Bxf6 gxf6 10. Nd5 Bg7 11. Bd3 Be6 12. 0-0 f5 13. c4 Nd4 14. exf5 Bxd5 15. cxd5 Qg5 16. Nc2 Nxf5 17. Bxf5 Qxf5 18. Ne3 Qg6 19. a4 0-0 20. axb5 axb5 21. Rxa8 Rxa8 22. Qc1 e4 23. Qc6 Rb8 24. Qd7 Bxb2 25. Nf5 Bf6 26. Nxd6 b4 27. Qc7 Re8 28. Nc4 Qf5 29. Qb7 Bc3 30. Rd1 Kh8 31. d6 Rg8 32. Ne3 Qf3 33. Qd5 Bf6 34. d7 Qf4 35. Qxf7 Qg5 36. Qc4 Be5 37. Qxg8+ 1-0

[Event "Rohde op 10th"]
[Site "Sautron"]
[Date "2010.10.29"]
[Round "8"]
[White "Crouan, Stephane"]
[Black "Geffroy, Leo"]
[Result "1-0"]
[WhiteElo "2207"]
[BlackElo "1802"]
[PlyCount "81"]
[EventDate "2010.10.23"]
[EventType "swiss"]
[EventRounds "9"]
[EventCountry "FRA"]
[SourceTitle "EXT 2012"]
[Source "ChessBase"]
[SourceDate "2011.11.24"]
[SourceVersion "1"]
[SourceVersionDate "2011.11.24"]
[SourceQuality "1"]

1. c4 e5 2. Nc3 Nf6 3. g3 d5 4. cxd5 Nxd5 5. Bg2 Nb6 6. Nf3 Nc6 7. 0-0 Be7 8. d3 0-0 9. a3 Be6 10. b4 a5 11. b5 Nd4 12. Nd2 Nd5 13. Bxd5 Bxd5 14. e3 Nxb5 15. Nxb5 Qd7 16. Nc3 Bc6 17. Nc4 Qh3 18. e4 Bd6 19. Nxd6 cxd6 20. Nd5 Rae8 21. Ne3 h5 22. Qf3 f5 23. Nxf5 g6 24. Nh6+ Kg7 25. Qg2 Qxg2+ 26. Kxg2 Rh8 27. g4 Rxh6 28. Bxh6+ Kxh6 29. gxh5 g5 30. f3 a4 31. Kf2 Kxh5 32. Rg1 Rb8 33. Rg3 Bd7 34. Rag1 Rg8 35. Rc1 Rc8 36. Rxc8 Bxc8 37. Rg1 Bd7 38. d4 Bb5 39. Rb1 Bd3 40. Rxb7 exd4 41. Rb4 1-0

[Event "Rohde op 10th"]
[Site "Sautron"]
[Date "2010.10.23"]
[Round "1"]
[White "Deslias, Gregoire"]
[Black "Geffroy, Leo"]
[Result "1-0"]
[WhiteElo "1960"]
[BlackElo "1802"]
[PlyCount "35"]
[EventDate "2010.10.23"]
[EventType "swiss"]
[EventRounds "9"]
[EventCountry "FRA"]
[SourceTitle "EXT 2012"]
[Source "ChessBase"]
[SourceDate "2011.11.24"]
[SourceVersion "1"]
[SourceVersionDate "2011.11.24"]
[SourceQuality "1"]

1. d4 Nf6 2. c4 g6 3. Nc3 Bg7 4. e4 d6 5. Nf3 0-0 6. Bg5 c5 7. d5 Bd7 8. Be2 Na6 9. 0-0 Nc7 10. Rb1 Rb8 11. a3 b5 12. e5 Nfe8 13. exd6 Nxd6 14. Nxb5 Ncxb5 15. cxb5 Nxb5 16. Bxb5 Bxb5 17. Re1 Re8 18. Bf4 1-0

[Event "FRA-ch U14"]
[Site "Troyes"]
[Date "2010.04.12"]
[Round "2"]
[White "Geffroy, Leo"]
[Black "Rouffignac, Tanguy"]
[Result "0-1"]
[WhiteElo "1731"]
[BlackElo "1885"]
[PlyCount "73"]
[EventDate "2010.04.11"]
[EventType "swiss"]
[EventRounds "9"]
[EventCountry "FRA"]
[SourceTitle "EXT 2012"]
[Source "ChessBase"]
[SourceDate "2011.11.24"]
[SourceVersion "1"]
[SourceVersionDate "2011.11.24"]
[SourceQuality "1"]

1. d4 Nf6 2. c4 g6 3. Nc3 Bg7 4. e4 d6 5. Nf3 0-0 6. Be2 e5 7. d5 Nbd7 8. 0-0 Ne8 9. Ne1 f5 10. f3 f4 11. Bd2 g5 12. Rc1 Rf7 13. b4 Bf8 14. Nd3 Rg7 15. Na4 Ndf6 16. Nf2 h5 17. h3 Bd7 18. c5 g4 19. fxg4 hxg4 20. Bxg4 Nxg4 21. Nxg4 Bxg4 22. hxg4 Nf6 23. Qe2 Nxg4 24. Rf3 Qe8 25. Nb2 Qh5 26. Rh3 Qg6 27. Nd3 Be7 28. Qf3 Nf6 29. Nf2 Kf7 30. c6 b6 31. Kf1 Rag8 32. Rh2 Qg3 33. Rh1 Qxg2+ 34. Qxg2 Rxg2 35. Rc3 Rxf2+ 36. Kxf2 Nxe4+ 37. Kf1 0-1

[Event "Rennes op 2nd"]
[Site "Rennes"]
[Date "2009.07.22"]
[Round "8"]
[White "Geffroy, Leo"]
[Black "Andonov, Bogomil"]
[Result "0-1"]
[WhiteElo "1662"]
[BlackElo "2311"]
[PlyCount "70"]
[EventDate "2009.07.15"]
[EventType "swiss"]
[EventRounds "9"]
[EventCountry "FRA"]
[SourceTitle "EXT 2011"]
[Source "ChessBase"]
[SourceDate "2010.11.26"]
[SourceVersion "1"]
[SourceVersionDate "2010.11.26"]
[SourceQuality "1"]

1. e4 c5 2. Nf3 a6 3. d4 cxd4 4. Nxd4 Nf6 5. Nc3 e5 6. Nf5 d5 7. Ng3 Bb4 8. exd5 Nxd5 9. Bd2 Nxc3 10. bxc3 Ba5 11. Bd3 Qc7 12. Ne2 f5 13. Ng3 0-0 14. 0-0 Bxc3 15. Bxc3 Qxc3 16. Bxf5 Bxf5 17. Qd5+ Kh8 18. Nxf5 Qc7 19. Ne3 Nc6 20. Rab1 b5 21. Rfe1 Rad8 22. Qb3 Na5 23. Qb4 Rf4 24. Qb2 Rfd4 25. Rbd1 Nc4 26. Qc1 Nd2 27. Nf1 Ne4 28. Rxd4 Rxd4 29. Rd1 Nc3 30. Re1 h6 31. Qa3 Qc8 32. Rxe5 Rd1 33. Qb3 Qc4 34. Qxc4 bxc4 35. Ra5 Ne2+ 0-1

[Event "Rennes op 2nd"]
[Site "Rennes"]
[Date "2009.07.16"]
[Round "2"]
[White "Vandomel, Fabrice"]
[Black "Geffroy, Leo"]
[Result "1/2-1/2"]
[WhiteElo "1895"]
[BlackElo "1662"]
[PlyCount "80"]
[EventDate "2009.07.15"]
[EventType "swiss"]
[EventRounds "9"]
[EventCountry "FRA"]
[SourceTitle "EXT 2011"]
[Source "ChessBase"]
[SourceDate "2010.11.26"]
[SourceVersion "1"]
[SourceVersionDate "2010.11.26"]
[SourceQuality "1"]

1. f4 d5 2. Nf3 c5 3. e3 Nc6 4. b3 e6 5. Bb2 f6 6. Be2 Bd6 7. c4 d4 8. exd4 cxd4 9. Nxd4 Nxd4 10. Bxd4 Bxf4 11. Bf2 Qc7 12. g3 Bd6 13. Nc3 Bd7 14. 0-0 Nh6 15. Ne4 Be7 16. d4 f5 17. Nc5 Bxc5 18. dxc5 0-0 19. Qd6 Qc6 20. Be3 Nf7 21. Qxc6 Bxc6 22. b4 Ne5 23. Bf4 Nd7 24. Bd6 Rfe8 25. b5 Be4 26. Rad1 Rac8 27. Bf3 Bxf3 28. Rxf3 Nxc5 29. Bxc5 Rxc5 30. Rd7 Rxc4 31. Rxb7 Ra4 32. a3 g6 33. Rd3 e5 34. Rdd7 Rxa3 35. Rg7+ Kh8 36. Rxh7+ Kg8 37. Rhg7+ Kh8 38. Rxg6 Ra2 39. Rh6+ Kg8 40. Rg6+ Kh8 1/2-1/2

[Event "Fouesnant op 14th"]
[Site "Fouesnant"]
[Date "2008.11.01"]
[Round "9"]
[White "Geffroy, Leo"]
[Black "Robert, Alain"]
[Result "1/2-1/2"]
[WhiteElo "1636"]
[BlackElo "1847"]
[PlyCount "54"]
[EventDate "2008.10.25"]
[EventType "swiss"]
[EventRounds "9"]
[EventCountry "FRA"]
[SourceTitle "EXT 2009"]
[Source "ChessBase"]
[SourceDate "2008.11.26"]
[SourceVersion "1"]
[SourceVersionDate "2008.11.26"]
[SourceQuality "1"]

1. e4 d5 2. exd5 Qxd5 3. Nc3 Qd6 4. Bc4 Nf6 5. Nf3 a6 6. a4 Nc6 7. 0-0 Bg4 8. b3 Ne5 9. Be2 Nxf3+ 10. Bxf3 Bxf3 11. Qxf3 Qc6 12. Qxc6+ bxc6 13. Ba3 e6 14. Bxf8 Rxf8 15. d3 Ke7 16. Rfe1 Rfd8 17. f3 Nd5 18. Nxd5+ cxd5 19. b4 c6 20. c3 Rdb8 21. Reb1 Kd6 22. d4 Kc7 23. a5 Kd6 24. Kf2 Re8 25. f4 Ra7 26. Ra2 Rae7 27. Re2 g6 1/2-1/2

[Event "FRA-ch U08"]
[Site "Aix les Bains"]
[Date "2006.??.??"]
[Round "5"]
[White "Lamard, Guillaume"]
[Black "Geffroy, Leo"]
[Result "1-0"]
[WhiteElo "1610"]
[BlackElo "1600"]
[PlyCount "91"]
[EventDate "2006.04.16"]
[EventType "swiss"]
[EventRounds "9"]
[EventCountry "FRA"]
[SourceTitle "EXT 2007"]
[Source "ChessBase"]
[SourceDate "2006.11.23"]
[SourceVersion "1"]
[SourceVersionDate "2006.11.23"]
[SourceQuality "1"]

1. d4 Nf6 2. c4 e6 3. Nf3 g6 4. Bg5 Bg7 5. e4 h6 6. Bxf6 Bxf6 7. Nc3 d6 8. Bd3 Qe7 9. 0-0 Nd7 10. Qd2 e5 11. Nd5 Qd8 12. Nxf6+ Qxf6 13. d5 Nc5 14. b4 Nxd3 15. Qxd3 a6 16. Nd2 g5 17. c5 Bd7 18. a4 Ke7 19. Nc4 Rhc8 20. cxd6+ cxd6 21. Nb6 Rab8 22. Nxc8+ Rxc8 23. Rfc1 Rxc1+ 24. Rxc1 Bxa4 25. Rc7+ Kf8 26. Rxb7 Bb5 27. Qc2 Qf4 28. h3 g4 29. hxg4 Qxg4 30. Qd2 Qh5 31. Rb6 Qg6 32. Qc2 Bd7 33. Rxa6 Bh3 34. f3 h5 35. b5 h4 36. Qf2 Qg5 37. Ra1 Bxg2 38. Qxg2 Qe3+ 39. Qf2 Qg5+ 40. Kf1 Qf4 41. b6 h3 42. b7 h2 43. b8Q+ Kg7 44. Ke2 Qh6 45. Qg3+ Kh7 46. Qbg8# 1-0